Fabio Capello's AC Milan - Statistics

General Stats
  • This quiz has been taken 11 times
  • The average score is 30 of 81
Answer Stats
Rank Player Position Nationality Matches Goals Assists % Correct
5 Franco Baresi Sweeper 215 2 4
100%
17 Frank Rijkaard Defensive Midfield 68 10 16
100%
18 George Weah Centre-Forward 67 28 17
100%
24 Ibrahim Bá Right Midfield 40 1 13
100%
22 Marco van Basten Centre-Forward 60 49 23
100%
1 Paolo Maldini Left-Back 262 14 20
100%
19 Ruud Gullit Attacking Midfield 67 23 17
100%
2 Alessandro Costacurta Centre-Back 248 1 1
89%
12 Dejan Savicevic Attacking Midfield 122 32 43
89%
10 Marcel Desailly Centre-Back 148 6 5
89%
11 Zvonimir Boban Attacking Midfield 136 17 21
89%
20 Jean-Pierre Papin Centre-Forward 63 31 7
78%
4 Sebastiano Rossi Goalkeeper 227 0 2
78%
13 Christian Panucci Right-Back 114 12 7
67%
7 Daniele Massaro Centre-Forward 168 41 20
67%
3 Demetrio Albertini Defensive Midfield 239 14 21
67%
51 Massimo Ambrosini Central Midfield 14 0 0
67%
8 Mauro Tassotti Right-Back 164 1 11
67%
27 Patrick Kluivert Centre-Forward 33 9 0
67%
6 Roberto Donadoni Right Midfield 209 7 28
67%
39 Brian Laudrup Right Winger 18 2 2
56%
26 Roberto Baggio Second Striker 34 10 16
56%
21 Alberico Evani Left Midfield 62 2 6
44%
32 Christian Ziege Left Midfield 27 2 1
44%
59 Edgar Davids Central Midfield 7 0 0
44%
16 Filippo Galli Centre-Back 75 1 1
44%
52 Francesco Coco Left-Back 10 1 1
44%
15 Gianluigi Lentini Right Winger 96 16 15
44%
73 Giovanni Galli Goalkeeper 2 0 0
44%
28 Leonardo Attacking Midfield 32 4 4
44%
9 Marco Simone Second Striker 158 55 21
44%
64 Patrick Vieira Defensive Midfield 5 0 0
44%
14 Stefano Eranio Right Midfield 110 10 9
44%
33 Alessandro Orlando Left-Back 27 2 2
33%
48 Angelo Carbone Right Midfield 15 1 0
33%
50 Florin Răducioiu Centre-Forward 14 4 0
33%
76 Massimo Orlando Attacking Midfield 2 0 0
33%
42 Massimo Taibi Goalkeeper 17 0 0
33%
61 Alessandro Melli Centre-Forward 6 1 1
22%
40 Carlo Ancelotti Central Midfield 18 2 1
22%
70 Carlo Cudicini Goalkeeper 3 0 0
22%
38 Diego Fuser Right Midfield 22 4 3
22%
31 Giovanni Stroppa Attacking Midfield 28 5 3
22%
74 Jesper Blomqvist Left Midfield 2 0 0
22%
37 Mario Ielpo Goalkeeper 24 0 0
22%
23 Paolo Di Canio Centre-Forward 53 7 3
22%
71 Roberto Lorenzini Left-Back 3 0 0
22%
25 Stefano Nava Centre-Back 38 1 3
22%
56 Agostino Di Bartolomei Defensive Midfield 7 0 0
11%
77 Alberto Comazzi Centre-Back 2 0 0
11%
44 Aldo Serena Centre-Forward 17 0 0
11%
72 Andrea Manzo Central Midfield 3 0 0
11%
45 Andreas Andersson Centre-Forward 17 1 0
11%
49 André Cruz Centre-Back 14 2 0
11%
41 Daniele Daino Right-Back 18 0 1
11%
81 Daniele Guerzoni Centre-Forward 1 0 0
11%
62 Dario Bonetti Centre-Back 5 0 1
11%
53 Dario Smoje Centre-Back 9 0 0
11%
30 Enzo Gambaro Left-Back 29 0 1
11%
43 Fernando De Napoli Central Midfield 17 0 1
11%
47 Filippo Maniero Centre-Forward 16 3 0
11%
34 Francesco Antonioli Goalkeeper 26 0 0
11%
80 Francesco Cozza Attacking Midfield 1 0 0
11%
75 Francesco De Francesco Second Striker 2 0 0
11%
57 Francesco Zanoncelli Centre-Back 7 0 1
11%
79 Futre Left Winger 1 0 0
11%
29 Giampiero Maini Central Midfield 31 1 1
11%
46 Gianluca Sordo Right Midfield 16 0 1
11%
67 Giovanni Cornacchini Centre-Forward 5 0 0
11%
63 Giulio Nuciari Goalkeeper 5 0 0
11%
35 Giuseppe Cardone Right-Back 25 0 1
11%
66 Giuseppe Galderisi Second Striker 5 0 0
11%
60 Mark Hateley Centre-Forward 6 1 2
11%
36 Maurizio Ganz Centre-Forward 25 5 2
11%
78 Mirco Sadotti Centre-Back 1 0 0
11%
55 Pietro Paolo Virdis Centre-Forward 7 4 0
11%
65 Ray Wilkins Central Midfield 5 0 0
11%
68 Samir Beloufa Centre-Back 4 0 0
11%
58 Steinar Nilsen Centre-Back 7 1 0
11%
54 Tomas Locatelli Attacking Midfield 9 0 0
11%
69 Winston Bogarde Centre-Back 4 0 0
11%
No matching quizzes found
Score Distribution
Percent of People with Each Score
Percentile by Number Answered
Your Score History
You have not taken this quiz